Accelerator activity of TBAB in NR vulcanization (Record no. 53733)

MARC details
000 -LEADER
fixed length control field 00395nam a2200157Ia 4500
100 ## - MAIN ENTRY--AUTHOR NAME
Personal name Purohit Chandra Arup K
245 #0 - TITLE STATEMENT
Title Accelerator activity of TBAB in NR vulcanization
260 ## - PUBLICATION, DISTRIBUTION, ETC. (IMPRINT)
Name of publisher Rubber Chem Review
Year of publication 1997
300 ## - PHYSICAL DESCRIPTION
Number of Pages 15-17
650 ## - SUBJECT ADDED ENTRY--TOPICAL TERM
Topical Term NR
650 ## - SUBJECT ADDED ENTRY--TOPICAL TERM
Topical Term TBAB
650 ## - SUBJECT ADDED ENTRY--TOPICAL TERM
Topical Term Vulcanization
700 ## - ADDED ENTRY--PERSONAL NAME
Personal name Mukhopadhyay R
942 ## - ADDED ENTRY ELEMENTS (KOHA)
Koha item type Journals
Holdings
Withdrawn status Lost status Damaged status Not for loan Home library Current library Shelving location Date acquired Serial Enumeration / chronology Koha item type
      Journals RRII Library RRII Library Rubber chemistry 17/12/2021 Volume 26, Issue 11 Journals